00966nam a2200265Ia 4500003000900000008004100009020001800050040001600068080002300084245007800107260005000185300001400235490003900249650002900288650002000317650003500337650003200372700003300404700003700437700003000474700003100504942000700535999001700542952014100559IN-BaIIA211028s9999 xx 000 0 eng d a0-7354-0055-5 cIIA Library a520.85(082.2)bAST 0aAstrophysical polarized backgroundscedited by Stefano Cecchni…[et al.] aNew YorkbAmerican Institute of Physicsc2002 axi, 314p. aAIP conference proceedings; v. 609 aDiffuse polarized926493 aEmission917264 aPolarimetry experiments926494 aPolarization surveys926495 aCecchni, Stefano, ed.926496 aCortiglioni, Stefano, ed.926497 aSault, Robert, ed.926498 aSbarra, Carla., ed.926499 cBK c14761d14761 00104070aBANbBANcGENd2002-09-05eEDS g8641.36l0o520.85(082.2)/ ASTp15683r2021-11-05v8641.36w2002-09-05yBKGRs. 8641.36